Normal view
MARC view
- Bouroncle Carreón, Alfonso
Entry Nombre de persona
001 - NÚMERO DE CONTROL
- campo de control: 1983
003 - IDENTIFICADOR DEL NÚMERO DE CONTROL
- campo de control: ES-MaFIAP
005 - FECHA Y HORA DE LA ÚLTIMA TRANSACCIÓN
- campo de control: 20231207122207.0
008 - DATOS DE LONGITUD FIJA
- campo de control de longitud fija: 231207|| aca||aabn | a|a d
040 ## - FUENTE DE LA CATALOGACIÓN
- Centro catalogador/agencia de origen: ES-MaFIAP
- Centro/agencia transcriptor: ES-MaFIAP
100 ## - ENCABEZAMIENTO-NOMBRE DE PERSONA
- Nombre de persona: Bouroncle Carreón, Alfonso
670 ## - FUENTE DE DATOS ENCONTRADOS
- Cita de la fuente: Work cat.: (ES-MaFIAP)750: Bouroncle Carreón, Alfonso XX864058, Tierras de altura , 1988





